Loading...
| Science - Biology | 0 | 7 | 1 | 0 | 65 | 34 | 87.86 | 4 | 5 | 0.00 | 0.00 |
| History - European | 0 | 5 | 0 | 2 | 50 | 39 | 91.60 | 0 | 4 | 0.00 | 0.00 |
| History - World | 0 | 5 | 1 | 0 | 45 | 23 | 54.20 | 3 | 5 | 0.00 | 0.00 |
| Literature - American | 0 | 5 | 1 | 0 | 45 | 77 | 106.80 | 1 | 2 | 0.00 | 0.00 |
| Religion | 0 | 5 | 2 | 0 | 40 | 21 | 58.40 | 3 | 4 | 0.00 | 0.00 |
| Science - Chemistry | 0 | 4 | 0 | 1 | 40 | 85 | 107.00 | 1 | 4 | 0.00 | 0.00 |
| Literature - World | 0 | 4 | 1 | 0 | 35 | 98 | 119.00 | 1 | 2 | 0.00 | 0.00 |
| Social Science | 0 | 3 | 0 | 0 | 30 | 87 | 103.67 | 0 | 2 | 0.00 | 0.00 |
| History - Other | 0 | 4 | 2 | 1 | 30 | 62 | 88.00 | 0 | 3 | 0.00 | 0.00 |
| Mythology | 0 | 3 | 0 | 0 | 30 | 86 | 98.67 | 1 | 2 | 0.00 | 0.00 |
| Science - Other | 0 | 3 | 1 | 0 | 25 | 86 | 103.00 | 0 | 2 | 0.00 | 0.00 |
| Literature - British | 0 | 3 | 1 | 0 | 25 | 93 | 110.33 | 0 | 1 | 0.00 | 0.00 |
| Literature - European | 0 | 3 | 2 | 0 | 20 | 104 | 132.00 | 0 | 1 | 0.00 | 0.00 |
| Philosophy | 0 | 2 | 0 | 0 | 20 | 53 | 93.50 | 1 | 2 | 0.00 | 0.00 |
| History - American | 0 | 2 | 1 | 0 | 15 | 85 | 94.00 | 0 | 2 | 0.00 | 0.00 |
| Fine Arts - Painting & Sculpture | 0 | 2 | 1 | 0 | 15 | 115 | 122.50 | 0 | 1 | 0.00 | 0.00 |
| Fine Arts - Other | 0 | 2 | 1 | 0 | 15 | 99 | 105.00 | 0 | 2 | 0.00 | 0.00 |
| Other | 0 | 2 | 1 | 0 | 15 | 104 | 123.50 | 0 | 0 | 0.00 | 0.00 |
| Science - Physics | 0 | 0 | 0 | 0 | 0 | 0.00 | 0 | 0 | 0.00 | 0.00 | |
| Fine Arts - Classical Music | 0 | 0 | 1 | 0 | -5 | 0.00 | 0 | 0 | 0.00 | 0.00 |